[Event "30th Cracovia Festival-A 2019"]
[Site "Krakow"]
[Date "2019.12.27"]
[Round "1.23"]
[White "Lisowski, Krzysztof"]
[Black "Dietmayer-Kraeutler, Marco"]
[Result "1/2-1/2"]
[WhiteElo "2176"]
[BlackElo "2342"]
[Annotator "NA"]
[PlyCount "117"]
[EventDate "2019.12.27"]
[EventCountry "POL"]
[SourceTitle "playchess.com"]
[Source "ChessBase"]
[SourceQuality "1"]

1. e4 e5 2. Bc4 Nc6 3. d3 Bc5 4. Nc3 Na5 5. Bb3 a6 6. Qh5 Qf6 7. Nf3 Nxb3 8. Nd5 Qd6 9. axb3 Nf6 10. Nxf6+ gxf6 11. O-O Qe6 12. Nh4 d5 13. Nf5 Bf8 14. Bh6 Qc6 15. Bxf8 Bxf5 16. Qxf5 Kxf8 17. f4 dxe4 18. fxe5 Qc5+ 19. Kh1 Qxe5 20. Qxf6 Qxf6 21. Rxf6 Kg7 22. Raf1 Rhf8 23. dxe4 Rad8 24. R6f2 Rd4 25. Re2 Re8 26. Rfe1 f5 27. Kg1 fxe4 28. c3 Rd6 29. Rxe4 Rxe4 30. Rxe4 Kf6 31. Kf2 Rd2+ 32. Re2 Rd1 33. Ke3 Ke5 34. Rd2 Rb1 35. Kd3 Rg1 36. Ke3 Rb1 37. Re2 Rd1 38. Rd2 Rb1 39. Kf3 Kf5 40. Rd5+ Ke6 41. Rd2 Kf5 42. Rd7 Rxb2 43. Rxh7 Rxb3 44. Rxc7 b5 45. Rc5+ Ke6 46. Ke4 Kd6 47. Kd4 Rb2 48. Rg5 a5 49. h4 a4 50. h5 a3 51. Rg6+ Kc7 52. Ra6 Rxg2 53. Rxa3 Rg4+ 54. Kd3 Kb7 55. Ra5 Rg5 56. h6 Rh5 57. h7 Kb6 58. Ra8 Rxh7 59. Rb8+ 1/2-1/2

[Event "30th Cracovia Festival-A 2019"]
[Site "Krakow"]
[Date "2019.12.27"]
[Round "1.24"]
[White "Kyc, Jerzy"]
[Black "Luba, Lukasz"]
[Result "0-1"]
[WhiteElo "2340"]
[BlackElo "2173"]
[Annotator "NA"]
[PlyCount "62"]
[EventDate "2019.12.27"]
[EventCountry "POL"]
[SourceTitle "playchess.com"]
[Source "ChessBase"]
[SourceQuality "1"]

1. e4 g6 2. d4 Bg7 3. Nc3 d6 4. Be3 c6 5. Qd2 b5 6. Bd3 Bb7 7. h4 Nd7 8. h5 Qc7 9. h6 Bf6 10. f4 e5 11. dxe5 dxe5 12. Bxb5 cxb5 13. Nxb5 Qc6 14. Nd6+ Kf8 15. Qb4 Ba6 16. O-O-O Rb8 17. Qa3 exf4 18. Nf5+ Ne7 19. e5 Nxe5 20. Bxa7 Rc8 21. Bc5 gxf5 22. Rd6 Nd3+ 23. Kd1 Qxc5 24. Qxc5 Nxc5 25. Rxf6 Ne4 26. Rxa6 Nf2+ 27. Kd2 Nxh1 28. Ne2 Rd8+ 29. Ke1 Rg8 30. Nxf4 Rg4 31. Nh5 Re4+ 0-1

[Event "30th Cracovia Festival-A 2019"]
[Site "Krakow"]
[Date "2019.12.28"]
[Round "2.1"]
[White "Tomczak, Jacek"]
[Black "Mis, Mieszko"]
[Result "1/2-1/2"]
[WhiteElo "2605"]
[BlackElo "2320"]
[Annotator "TA"]
[PlyCount "85"]
[EventDate "2019.12.27"]
[EventCountry "POL"]
[SourceTitle "playchess.com"]
[Source "ChessBase"]
[SourceQuality "1"]

{[%evp 27,85,3,16,0,21,16,42,28,30,21,32,37,51,11,18,0,0,0,0,-18,-10,-28,0,-34,0,0,6,-25,-25,-36,-38,-62,-50,-84,-25,-21,-29,-22,-28,-26,-17,-15,-7,-5,-8,-39,-27,-36,-22,-16,-4,-4,0,0,0,0,0,0,0,0]} 1. e4 c5 2. Nf3 e6 3. d4 cxd4 4. Nxd4 Nc6 5. Nc3 Qc7 6. Be2 a6 7. O-O Nf6 8. Be3 Be7 9. f4 d6 10. Qe1 O-O 11. Qg3 Nxd4 12. Bxd4 b5 13. a3 {[%cal Ba2a3,Ba3a4][%mdl 32]} Bb7 14. Kh1 Rad8 15. Rae1 {B85: Sicilian Scheveningen: 6 Be2 a6, lines with early Be3} Rd7 (15... Qd7 16. Bd3 Nh5 17. Qg4 Nf6 18. Qg3 Nh5 19. Qg4 Nf6 20. Qg3 Nh5 21. Qg4 Nf6 22. Qg3 {½-½ (24) Andreikin,D (2712)-Grischuk,A (2772) Huaian 2017}) 16. Bd3 Re8 17. a4 {White is slightly better.} b4 18. Na2 Qa5 19. b3 Bd8 20. Qh3 $146 {Hoping for Bxf6.} ({Predecessor:} 20. Qf2 d5 21. Bxf6 gxf6 22. f5 e5 {1-0 (52) Munguntuul,B (2397)-Bellaiche,A (2499) London 2017}) 20... e5 21. fxe5 dxe5 22. Be3 Bc8 23. Bd2 Be7 24. Qg3 Kh8 25. Re3 Rc7 26. Qe1 {[%cal Ra2b4]} Rb7 $1 27. c3 bxc3 28. Bxc3 Qb6 29. Nc1 Be6 30. b4 Bxb4 (30... Rc8 $17 {And now ...Rxc3! would win.} 31. a5 Qd6) 31. Bxb4 $11 Qxb4 32. Bxa6 Qxe1 33. Rfxe1 Rb6 34. Bb5 Bd7 35. Bxd7 Nxd7 36. Rc3 Ra6 37. Rd1 Nf6 38. Rc4 {The position is equal.} Rea8 39. Nd3 $1 Rxa4 40. Rxa4 Rxa4 41. Nxe5 {[#] Intending Rd8+ and mate.} h6 42. Nxf7+ Kg8 43. Nd6 {Accuracy: White = 48%, Black = 51%.} 1/2-1/2

[Event "30th Cracovia Festival-A 2019"]
[Site "Krakow"]
[Date "2019.12.28"]
[Round "2.2"]
[White "Szustakowski, Antoni"]
[Black "Moroni, Luca Jr"]
[Result "0-1"]
[WhiteElo "2299"]
[BlackElo "2528"]
[Annotator "ChessBase"]
[PlyCount "68"]
[EventDate "2019.12.27"]
[EventCountry "POL"]
[SourceTitle "playchess.com"]
[Source "ChessBase"]
[SourceQuality "1"]

1. d4 Nf6 2. c4 e6 3. Nf3 Bb4+ 4. Nbd2 O-O 5. a3 Be7 6. e4 d6 7. b4 a5 8. Bb2 e5 9. d5 g6 10. Be2 Nh5 11. O-O Nf4 12. Re1 h5 13. Bf1 h4 14. Qb3 Nd7 15. c5 g5 16. Nc4 g4 17. Nfd2 a4 18. Qc3 Nf6 19. Nxe5 dxe5 20. Qxe5 Ng6 21. Qd4 Nh5 22. Nc4 Bf6 23. e5 Bg7 24. Bd3 g3 25. fxg3 hxg3 26. h3 Nhf4 27. Be4 Qh4 28. Bf3 Bxh3 29. gxh3 Qxh3 30. Qd2 Nh4 31. Be4 Bh6 32. Ne3 f5 33. exf6 Rae8 34. Nf5 Rxe4 0-1

[Event "30th Cracovia Festival-A 2019"]
[Site "Krakow"]
[Date "2019.12.28"]
[Round "2.3"]
[White "Tazbir, Marcin"]
[Black "Renman, Nils-Gustaf"]
[Result "1-0"]
[WhiteElo "2525"]
[BlackElo "2319"]
[Annotator "ChessBase"]
[PlyCount "57"]
[EventDate "2019.12.27"]
[EventCountry "POL"]
[SourceTitle "playchess.com"]
[Source "ChessBase"]
[SourceQuality "1"]

1. e4 e6 2. d4 d5 3. Nc3 Nf6 4. e5 Nfd7 5. f4 c5 6. Nf3 Nc6 7. Be3 a6 8. Qd2 b5 9. Nd1 b4 10. c4 cxd4 11. Nxd4 Bb7 12. cxd5 Nxd4 13. Bxd4 Bxd5 14. Ne3 Bb7 15. Be2 Be7 16. O-O O-O 17. Rad1 Qb8 18. Nc4 Bd5 19. Qe3 Rc8 20. b3 g6 21. g4 a5 22. f5 a4 23. Qf4 exf5 24. gxf5 axb3 25. Ne3 g5 26. Qg3 Bb7 27. f6 Nxf6 28. Qxg5+ Kh8 29. exf6 1-0

[Event "30th Cracovia Festival-A 2019"]
[Site "Krakow"]
[Date "2019.12.28"]
[Round "2.4"]
[White "Grabowski, Pawel"]
[Black "Vetoshko, Volodymyr"]
[Result "0-1"]
[WhiteElo "2281"]
[BlackElo "2511"]
[Annotator "ChessBase"]
[PlyCount "75"]
[EventDate "2019.12.27"]
[EventCountry "POL"]
[SourceTitle "playchess.com"]
[Source "ChessBase"]
[SourceQuality "1"]

1. d4 d5 2. Nf3 Nf6 3. e3 g6 4. b3 Bg7 5. Bb2 O-O 6. Nbd2 a5 7. a4 Na6 8. Be2 c5 9. O-O cxd4 10. exd4 Nb4 11. Ne5 Bf5 12. c3 Nc6 13. Ndf3 Ne4 14. Nxc6 bxc6 15. Ne5 Qb6 16. Nd3 Rfb8 17. g4 Bc8 18. Nc1 e5 19. Rb1 Be6 20. f3 Nxc3 21. Bxc3 exd4 22. Be1 d3+ 23. Bf2 dxe2 24. Nxe2 c5 25. Nf4 d4 26. Nxe6 Qxe6 27. Qd3 Qd5 28. Rfe1 Rb4 29. Bg3 h5 30. gxh5 Qxh5 31. Rbc1 Qd5 32. Rc4 Rxc4 33. bxc4 Qd7 34. h4 Qxa4 35. h5 Qc6 36. Re7 a4 37. Rc7 Qe6 38. Qd1 0-1

[Event "30th Cracovia Festival-A 2019"]
[Site "Krakow"]
[Date "2019.12.28"]
[Round "2.5"]
[White "Girish, A. Koushik"]
[Black "Marszalek, Maciej"]
[Result "1-0"]
[WhiteElo "2506"]
[BlackElo "2314"]
[Annotator "TA"]
[PlyCount "175"]
[EventDate "2019.12.27"]
[EventCountry "POL"]
[SourceTitle "playchess.com"]
[Source "ChessBase"]
[SourceQuality "1"]

{[%evp 17,175,49,62,33,40,11,22,-8,28,12,51,9,16,11,25,23,82,42,76,107,101,92,89,61,80,90,116,113,100,104,87,112,102,93,98,106,179,188,191,190,175,164,178,164,193,198,222,218,240,243,278,159,159,159,162,162,183,180,183,126,126,121,117,103,123,99,111,75,78,73,126,126,126,126,126,82,12830,12831,12831,12830,12833,12833,12837,12835,12835,12835,1513,0,12843,12843,12850,12851,12851,12851,12851,12851,12851,0,12851,12851,12851,0,0,0,0,0,0,0,0,0,0,0,0,0,0,0,0,0,0,0,0,0,0,0,0,0,0,0,0,0,0,0,0,0,0,0,0,0,0,0,0,0,0,0,29971,29970,12851,29972,12851,29972,12851,29972,12851,29978,12851,29979,12851,29980,12851,29977]} 1. d4 e6 2. c4 Nf6 3. Nf3 c5 4. d5 exd5 5. cxd5 d6 6. Nc3 g6 7. Bf4 Bg7 8. Qa4+ Bd7 9. Qb3 Qc7 10. h3 {A61: Modern Benoni: Nf3 without early e4} O-O 11. e3 Na6 12. Be2 {The position is equal.} Rab8 (12... b5 13. Bxb5 Rab8 14. O-O Nh5 15. a4 Nxf4 16. exf4 Nb4 17. Bxd7 Qxd7 {0-1 (55) Zhou,J (2608)-Ponkratov,P (2651) Harbin 2019}) 13. O-O Rfe8 14. Nb5 $146 ({Predecessor:} 14. Nd2 b5 15. a4 bxa4 16. Qd1 Nb4 17. e4 Bf8 {½-½ (42) Goryachkina,A (2460)-Ovod,E (2362) Novosibirsk 2016}) 14... Bxb5 $1 15. Bxb5 Re4 16. a3 $1 $36 {[%mdl 2048] White fights for an advantage.} c4 (16... Qd8 $11) 17. Qc2 Qc5 18. Bxa6 $1 bxa6 19. Nd2 Rxf4 20. exf4 Nxd5 21. Qxc4 Bxb2 22. Rab1 Nc3 23. Qxc5 ({Much weaker is} 23. Qxa6 Nxb1 24. Rxb1 Re8 $15) 23... dxc5 24. Rbe1 Bxa3 25. Nc4 $1 {[%cal Rc4a3]} Bb4 26. Re7 Nd5 (26... Rd8 $16 {is a better defense.}) 27. Rxa7 $18 Nxf4 28. Rd1 $1 ({Don't do} 28. Rxa6 $6 Bc3 $16) 28... Ne2+ 29. Kf1 Nd4 30. Rxa6 Re8 31. Ra7 Re6 32. Rb7 Bc3 33. g3 h5 34. h4 (34. Rd3 $18 Re1+ 35. Kg2) 34... Nf5 $16 35. Rdd7 Rf6 {Black wants to play ...Nxg3+.} 36. Kg2 Bd4 37. Rb6 Kg7 38. Rxf6 ({Better is} 38. Rc7 $18) 38... Kxf6 $18 {[%mdl 4096] Endgame KRN-KBN} 39. Kf3 Ke6 40. Rd8 Nh6 41. Ke2 Ng4 42. f3 Nh6 43. Ne3 (43. Nd2 {feels hotter.} Nf5 44. Ne4 Be5 45. Nxc5+ Ke7 46. Rd7+) 43... Nf5 (43... Bxe3 $142 44. Kxe3 Nf5+ 45. Kf4 c4) 44. Nxf5 $16 Kxf5 {KR-KB} 45. Rc8 Ke6 46. g4 Kf6 $2 {[%mdl 8192]} (46... Kd7 $16 47. Ra8 Be5) 47. gxh5 $18 gxh5 {[#]} 48. Rg8 $1 {[%cal Rg8g5]} c4 49. Rg5 c3 50. Kd3 Bf2 51. Rxh5 Be1 52. Ke4 $2 (52. Kc2 $18 {Hoping for Kb3.} Kg6 53. Rg5+ Kh6 54. Rg1) 52... c2 $2 {[%mdl 8192]} (52... Bf2 $11 53. Rh6+ Kg7) 53. Rc5 Bxh4 54. Rxc2 Kg6 55. Rg2+ Kf6 56. Kf4 Be1 57. Ra2 Kg6 $2 {[%mdl 8192]} (57... Bc3 $11 58. Ra6+ Kg7) 58. Ra6+ Kg7 59. Kf5 $2 (59. Rc6 $18 Ba5 60. Kf5) 59... Bc3 $11 60. f4 Bd4 61. Ra3 Bb2 62. Rg3+ Kf8 63. Rg2 (63. Rd3 {looks sharper.}) 63... Bc3 64. Kg5 (64. Re2 {is more complex.}) 64... Kg7 65. f5 {White threatens f6+! and mate.} (65. Kf5+ {is more complex.}) 65... Bf6+ 66. Kh5+ Kh7 67. Rg4 {Threatens to win with Rg2.} Bd8 68. Rd4 (68. Rg2 {keeps more tension.}) 68... Bf6 69. Rd1 {aiming for Rd6.} (69. Rd7 {looks sharper.}) 69... Kg7 70. Rg1+ Kh7 71. Kg4 {Kf3 is the strong threat.} Kg7 72. Rg2 Be5 73. Kg5 (73. Ra2 {with more complications.}) 73... Bf6+ 74. Kf4+ Kf8 75. Rg1 Bd8 76. Ke4 {Black must now prevent Rg3.} Bf6 77. Kd5 Bb2 78. Kd6 {Strongly threatening Rb1.} Ba3+ 79. Kd7 {And now Ra1 would win.} Bb2 80. Rb1 Bc3 $2 {[%mdl 8192]} (80... Bd4 $11 81. Kd6 Kg7) 81. Rb6 Bd4 82. Rc6 (82. Rd6 $18 Bb2 83. f6) 82... Kg7 {[#]} 83. Ke8 $1 Be5 84. Rb6 f6 85. Rb7+ (85. Rb4 $18 Kh6 86. Rg4) 85... Kh6 86. Kf7 Bc3 87. Ke6 Bd4 88. Rf7 {Accuracy: White = 65%, Black = 66%.} 1-0

[Event "30th Cracovia Festival-A 2019"]
[Site "Krakow"]
[Date "2019.12.28"]
[Round "2.6"]
[White "Miroshnichenko, Pavel"]
[Black "Grinev, Valeriy"]
[Result "1/2-1/2"]
[WhiteElo "2270"]
[BlackElo "2441"]
[Annotator "NA"]
[PlyCount "120"]
[EventDate "2019.12.27"]
[EventCountry "POL"]
[SourceTitle "playchess.com"]
[Source "ChessBase"]
[SourceQuality "1"]

1. d4 Nf6 2. Nf3 g6 3. c4 Bg7 4. Nc3 O-O 5. e4 d6 6. h3 Na6 7. Be3 c5 8. d5 e6 9. Bd3 exd5 10. exd5 Nb4 11. O-O Nxd3 12. Qxd3 Bf5 13. Qd2 Ne4 14. Nxe4 Bxe4 15. Ng5 Bf5 16. g4 Bd7 17. Bf4 h6 18. Nf3 Qf6 19. Kg2 g5 20. Bg3 Qg6 21. Nh2 f5 22. f3 Rab8 23. a4 Qf6 24. Ra2 Rbe8 25. b3 Re7 26. Re1 Rfe8 27. Nf1 h5 28. Rxe7 Rxe7 29. Qd1 hxg4 30. hxg4 Bh8 31. Bf2 fxg4 32. fxg4 Re4 33. Nh2 Qg6 34. Qf3 Rf4 35. Qe2 Re4 36. Qf3 Rf4 37. Qe2 Be5 38. Bg3 Re4 39. Qf3 Bxg3 40. Qxg3 Qf6 41. Rf2 Qe7 42. Qf3 Re3 43. Qf6 Qxf6 44. Rxf6 Rxb3 45. a5 Rc3 46. Rxd6 Be8 47. Rd8 Kf7 48. Ra8 Rxc4 49. Rxa7 Ra4 50. Rxb7+ Kf6 51. Rb6+ Ke7 52. a6 c4 53. Nf3 c3 54. Ne5 c2 55. d6+ Kf8 56. Nd3 Ra3 57. Nc1 Ra1 58. Rb8 Kf7 59. Rb7+ Kf6 60. d7 Bxd7 1/2-1/2

[Event "30th Cracovia Festival-A 2019"]
[Site "Krakow"]
[Date "2019.12.28"]
[Round "2.7"]
[White "Nikitenko, Mihail"]
[Black "Morgunov, Marc"]
[Result "1-0"]
[WhiteElo "2422"]
[BlackElo "2311"]
[Annotator "NA"]
[PlyCount "91"]
[EventDate "2019.12.27"]
[EventCountry "POL"]
[SourceTitle "playchess.com"]
[Source "ChessBase"]
[SourceQuality "1"]

1. d4 Nf6 2. g3 g6 3. Bg2 Bg7 4. e4 d6 5. Ne2 O-O 6. O-O Nbd7 7. h3 c6 8. a4 a5 9. Nbc3 e5 10. Be3 Re8 11. Qd2 exd4 12. Bxd4 Nc5 13. Bxc5 dxc5 14. Qxd8 Rxd8 15. Rad1 Be6 16. f4 Bc4 17. Kf2 Nd7 18. Rfe1 Bxe2 19. Nxe2 Bxb2 20. Rb1 Bd4+ 21. Kf3 b5 22. axb5 cxb5 23. Rxb5 Rdb8 24. Nxd4 cxd4 25. Rd5 Nb6 26. Rxd4 Rc8 27. Rb1 Nc4 28. c3 Na3 29. Rb3 Nc2 30. Rd7 a4 31. Rbb7 Rxc3+ 32. Kf2 a3 33. Rxf7 a2 34. Rg7+ Kf8 35. Rbf7+ Ke8 36. Re7+ Kf8 37. Ref7+ Ke8 38. Re7+ Kf8 39. Bf1 Rf3+ 40. Kxf3 Nd4+ 41. Kg4 a1=Q 42. Ref7+ Ke8 43. Bc4 Qd1+ 44. Kg5 Ne6+ 45. Bxe6 Ra5+ 46. Kf6 1-0

[Event "30th Cracovia Festival-A 2019"]
[Site "Krakow"]
[Date "2019.12.28"]
[Round "2.9"]
[White "Kozak, Antoni"]
[Black "Szpar, Milosz"]
[Result "1/2-1/2"]
[WhiteElo "2372"]
[BlackElo "2291"]
[Annotator "ChessBase"]
[PlyCount "93"]
[EventDate "2019.12.27"]
[EventCountry "POL"]
[SourceTitle "playchess.com"]
[Source "ChessBase"]
[SourceQuality "1"]

1. c4 Nf6 2. Nc3 c5 3. Nf3 g6 4. e4 Nc6 5. d4 cxd4 6. Nxd4 d6 7. f3 Nxd4 8. Qxd4 Bg7 9. Be3 Be6 10. Rc1 Qa5 11. Qd2 O-O 12. b3 Rfc8 13. g4 a6 14. Na4 Qxd2+ 15. Kxd2 Nd7 16. Rg1 Kh8 17. Bd3 Rcb8 18. Nb6 Nxb6 19. Bxb6 Rc8 20. f4 Rc6 21. Be3 b5 22. c5 Rac8 23. cxd6 exd6 24. g5 Bd7 25. Rxc6 Rxc6 26. Rc1 Kg8 27. Rxc6 Bxc6 28. Bb6 h6 29. h4 hxg5 30. hxg5 Kf8 31. Ba5 Bd4 32. Bb4 Ke7 33. Bc3 Bg1 34. Bf6+ Kf8 35. f5 Be8 36. Kc3 Bc5 37. b4 Be3 38. a4 Bf2 39. a5 Be1+ 40. Kb3 Bf2 41. Kc2 Bd7 42. fxg6 fxg6 43. e5 Be1 44. Kb3 Be6+ 45. Ka3 dxe5 46. Be4 Bd2 47. Bd3 1/2-1/2

[Event "30th Cracovia Festival-A 2019"]
[Site "Krakow"]
[Date "2019.12.28"]
[Round "2.10"]
[White "Milikow, Yoav"]
[Black "Fus, Jakub"]
[Result "1-0"]
[WhiteElo "2236"]
[BlackElo "2363"]
[Annotator "ChessBase"]
[PlyCount "85"]
[EventDate "2019.12.27"]
[EventCountry "POL"]
[SourceTitle "playchess.com"]
[Source "ChessBase"]
[SourceQuality "1"]

1. d4 d5 2. c4 e6 3. Nc3 c6 4. e4 dxe4 5. Nxe4 Bb4+ 6. Bd2 Qxd4 7. Bxb4 Qxe4+ 8. Be2 Na6 9. Bd6 b6 10. Qa4 Bb7 11. O-O-O O-O-O 12. Bf3 b5 13. Bxe4 bxa4 14. Nf3 Nh6 15. Rhe1 f6 16. Bc2 e5 17. Nh4 g6 18. Be7 Rxd1+ 19. Bxd1 Re8 20. Bxf6 Nc5 21. Kc2 Nd7 22. Bg5 Nf7 23. Be3 Nd6 24. b3 axb3+ 25. axb3 c5 26. f3 Rg8 27. f4 Nf5 28. Nxf5 gxf5 29. g3 Be4+ 30. Kb2 Re8 31. Kc3 Re6 32. g4 exf4 33. Bxf4 Nf6 34. g5 Ng4 35. h4 Nf2 36. Bg3 Nd3 37. Rf1 Ra6 38. h5 Ra2 39. g6 hxg6 40. h6 Nc1 41. Rf2 f4 42. h7 Ne2+ 43. Rxe2 1-0

[Event "30th Cracovia Festival-A 2019"]
[Site "Krakow"]
[Date "2019.12.28"]
[Round "2.11"]
[White "Zherebtsova, Alexandra"]
[Black "Sabuk, Piotr"]
[Result "1/2-1/2"]
[WhiteElo "2209"]
[BlackElo "2354"]
[Annotator "ChessBase"]
[PlyCount "76"]
[EventDate "2019.12.27"]
[EventCountry "POL"]
[SourceTitle "playchess.com"]
[Source "ChessBase"]
[SourceQuality "1"]

1. d4 d5 2. c4 e6 3. Nc3 Nf6 4. Bg5 Be7 5. e3 Nbd7 6. cxd5 exd5 7. Bd3 c6 8. Nge2 Nh5 9. Bxe7 Qxe7 10. Ng3 Nf4 11. Bf1 Nb6 12. Qf3 Ng6 13. Nh5 Qg5 14. Be2 O-O 15. g3 Nc4 16. h4 Qf5 17. Qxf5 Bxf5 18. g4 Be6 19. b3 Nd6 20. f4 f5 21. g5 Ne4 22. Nxe4 dxe4 23. Ng3 Ne7 24. Bc4 Bxc4 25. bxc4 c5 26. d5 Nc8 27. Kf2 Nd6 28. Rhc1 Kf7 29. h5 Ke7 30. Rab1 Rab8 31. Rb2 b6 32. Nf1 Rb7 33. Nd2 Rfb8 34. a4 Kd7 35. Kg3 Rc7 36. Kf2 a6 37. Nb3 Rcc8 38. Rbc2 Rc7 1/2-1/2

[Event "30th Cracovia Festival-A 2019"]
[Site "Krakow"]
[Date "2019.12.28"]
[Round "2.12"]
[White "Plichta, Kamil"]
[Black "Niedbala, Bartlomiej"]
[Result "1/2-1/2"]
[WhiteElo "2353"]
[BlackElo "2239"]
[Annotator "ChessBase"]
[PlyCount "83"]
[EventDate "2019.12.27"]
[EventCountry "POL"]
[SourceTitle "playchess.com"]
[Source "ChessBase"]
[SourceQuality "1"]

1. e4 g6 2. d4 Bg7 3. c4 Nc6 4. Ne2 e5 5. d5 Nd4 6. Nxd4 exd4 7. Bd3 Ne7 8. O-O O-O 9. f4 f5 10. e5 d6 11. exd6 Qxd6 12. Re1 c5 13. Nd2 Bd7 14. Nf3 Rae8 15. b4 cxb4 16. a3 b5 17. axb4 bxc4 18. Bxc4 Nc8 19. Bb3 Rxe1+ 20. Nxe1 d3 21. Rb1 Qb6+ 22. Kh1 Nd6 23. Nxd3 Ne4 24. d6+ Kh8 25. Qg1 Qxg1+ 26. Kxg1 Bd4+ 27. Kf1 Bb5 28. Bc2 Rc8 29. Bb2 Bxb2 30. Rxb2 Nxd6 31. Ke1 Nc4 32. Ra2 Ne3 33. Bb1 Rd8 34. g3 Bxd3 35. Rd2 Re8 36. Rxd3 Nc2+ 37. Kd2 Nxb4 38. Rd7 Nc6 39. Rc7 Rd8+ 40. Ke3 Re8+ 41. Kf2 Re6 42. Rc8+ 1/2-1/2

[Event "30th Cracovia Festival-A 2019"]
[Site "Krakow"]
[Date "2019.12.28"]
[Round "2.13"]
[White "Luba, Lukasz"]
[Black "Belous, Mikhail"]
[Result "1/2-1/2"]
[WhiteElo "2173"]
[BlackElo "2349"]
[Annotator "ChessBase"]
[PlyCount "74"]
[EventDate "2019.12.27"]
[EventCountry "POL"]
[SourceTitle "playchess.com"]
[Source "ChessBase"]
[SourceQuality "1"]

1. Nf3 Nf6 2. g3 g6 3. Bg2 Bg7 4. O-O O-O 5. d4 d6 6. Nc3 Nbd7 7. Bg5 h6 8. Bxf6 Nxf6 9. e4 Nd7 10. Qd2 e5 11. dxe5 Nxe5 12. Nxe5 dxe5 13. Qxd8 Rxd8 14. Nd5 Rd7 15. Rfd1 c6 16. Ne3 Rd4 17. c3 Rxd1+ 18. Rxd1 Be6 19. Bf1 b5 20. c4 a6 21. a4 bxa4 22. Ra1 Bf8 23. Rxa4 a5 24. Nc2 Rb8 25. Rxa5 Rxb2 26. Ne3 Bb4 27. Ra8+ Kg7 28. Rb8 Bc3 29. Rxb2 Bxb2 30. Bd3 Kf8 31. Kf1 Ke7 32. f4 Kd6 33. f5 Bc8 34. Ke2 Bc1 35. c5+ Kxc5 36. Nc4 Kd4 37. Na5 Bb2 1/2-1/2

[Event "30th Cracovia Festival-A 2019"]
[Site "Krakow"]
[Date "2019.12.28"]
[Round "2.14"]
[White "Nurkiewicz, Maciej"]
[Black "Ramondino, Renzo"]
[Result "1-0"]
[WhiteElo "2340"]
[BlackElo "2186"]
[Annotator "NA"]
[PlyCount "117"]
[EventDate "2019.12.27"]
[EventCountry "POL"]
[SourceTitle "playchess.com"]
[Source "ChessBase"]
[SourceQuality "1"]

1. d4 Nf6 2. c4 g6 3. Nc3 Bg7 4. e4 d6 5. Nf3 O-O 6. Be2 e5 7. O-O Nc6 8. d5 Ne7 9. b4 Nh5 10. g3 f5 11. Ng5 Nf6 12. Bf3 c6 13. Qb3 h6 14. Ne6 Bxe6 15. dxe6 fxe4 16. Nxe4 Nxe4 17. Bxe4 Qc8 18. Rd1 Rd8 19. b5 Qxe6 20. Ba3 Kh7 21. bxc6 bxc6 22. Qb4 a5 23. Qa4 Rac8 24. Rac1 Nf5 25. Bxc6 Nd4 26. Bd5 Qg4 27. Kg2 e4 28. Rc3 Ne2 29. Re3 Nc3 30. Rxc3 Bxc3 31. Qc2 Qf3+ 32. Kg1 Bg7 33. Bc1 Rf8 34. Re1 Qd3 35. Qxd3 exd3 36. Bf4 Rf5 37. Rd1 Re8 38. Rxd3 Re2 39. a3 Be5 40. Be3 h5 41. Kg2 Rf8 42. Be4 Rb2 43. Rd5 Re8 44. Rxa5 Bg7 45. Rxh5+ Kg8 46. Rh4 Bc3 47. Bc1 Re2 48. Bxg6 Rf8 49. Bh7+ Kf7 50. Bd3 Ra2 51. Bh6 Rc8 52. Rf4+ Kg8 53. Be4 Rxa3 54. Bd5+ Kh7 55. Bf8 Be5 56. Rh4+ Kg6 57. Rh6+ Kg5 58. h4+ Kg4 59. Be6# 1-0

[Event "30th Cracovia Festival-A 2019"]
[Site "Krakow"]
[Date "2019.12.28"]
[Round "2.15"]
[White "Ilandzis, Spyridon"]
[Black "Zylka, Stanislaw"]
[Result "0-1"]
[WhiteElo "2119"]
[BlackElo "2334"]
[Annotator "NA"]
[PlyCount "76"]
[EventDate "2019.12.27"]
[EventCountry "POL"]
[SourceTitle "playchess.com"]
[Source "ChessBase"]
[SourceQuality "1"]

1. d4 Nf6 2. c4 g6 3. Nc3 d5 4. Bf4 Bg7 5. e3 O-O 6. Rc1 Be6 7. cxd5 Nxd5 8. Nxd5 Bxd5 9. Bxc7 Qd7 10. Bg3 Nc6 11. Nf3 Rac8 12. Bb5 Qe6 13. Bxc6 Bxc6 14. O-O Qxa2 15. Ra1 Qd5 16. Rxa7 Bb5 17. Re1 Ba6 18. Qa4 Rc4 19. Qa3 Rfc8 20. Qb3 e6 21. h3 Bf8 22. Kh2 Bd6 23. e4 Bxg3+ 24. fxg3 Qd6 25. Rxb7 Bxb7 26. Qxb7 Rb8 27. Qa7 Rxb2 28. Ne5 Rc7 29. Qa8+ Kg7 30. Rf1 Qxd4 31. Nf3 Qa7 32. Qd8 Rcc2 33. Ne1 Rf2 34. Rxf2 Qxf2 35. Qd6 Re2 36. Qe5+ Kh6 37. h4 Rxe1 38. Qg5+ Kg7 0-1

[Event "30th Cracovia Festival-A 2019"]
[Site "Krakow"]
[Date "2019.12.28"]
[Round "2.16"]
[White "Bachor, Tomasz"]
[Black "Gumularz, Szymon"]
[Result "0-1"]
[WhiteElo "2101"]
[BlackElo "2493"]
[Annotator "ChessBase"]
[PlyCount "72"]
[EventDate "2019.12.27"]
[EventCountry "POL"]
[SourceTitle "playchess.com"]
[Source "ChessBase"]
[SourceQuality "1"]

1. d4 Nf6 2. c4 e6 3. Nc3 Bb4 4. e3 b6 5. Bd3 Bb7 6. Nf3 O-O 7. O-O d5 8. a3 Bd6 9. b3 Nbd7 10. Bb2 a6 11. Ne2 c5 12. Ne5 dxc4 13. bxc4 Bxe5 14. dxe5 Ng4 15. Nf4 Qh4 16. h3 Ngxe5 17. Be2 Qe7 18. Nh5 Rad8 19. f4 Nf6 20. Nxf6+ Qxf6 21. Qe1 Qg6 22. Rf2 Nd3 23. Bxd3 Rxd3 24. Rc1 Rfd8 25. Kh2 Qe4 26. Rc3 f6 27. Bc1 Rd1 28. Qe2 Qb1 29. Qb2 Qf5 30. Qxb6 Rh1+ 31. Kg3 Qg6+ 32. Kh4 h5 33. Qxe6+ Kh8 34. e4 Bc8 35. Rg3 Qxg3+ 36. Kxg3 Bxe6 0-1

[Event "30th Cracovia Festival-A 2019"]
[Site "Krakow"]
[Date "2019.12.28"]
[Round "2.17"]
[White "Brodowski, Piotr"]
[Black "Kasperek, Ryszard"]
[Result "1/2-1/2"]
[WhiteElo "2445"]
[BlackElo "2197"]
[Annotator "ChessBase"]
[PlyCount "86"]
[EventDate "2019.12.27"]
[EventCountry "POL"]
[SourceTitle "playchess.com"]
[Source "ChessBase"]
[SourceQuality "1"]

1. g3 e5 2. c4 Nf6 3. Bg2 c6 4. Nf3 e4 5. Nd4 d5 6. cxd5 Qxd5 7. Nc2 Qh5 8. h3 Bc5 9. Nc3 Qg6 10. b4 Bb6 11. Ne3 O-O 12. Bb2 Re8 13. Qc2 Nbd7 14. Rd1 Bd4 15. O-O Nb6 16. a3 Bd7 17. Na4 Bxb2 18. Nxb2 Qh5 19. g4 Qb5 20. Nbc4 Nxc4 21. Nxc4 Re6 22. d3 h5 23. dxe4 hxg4 24. hxg4 Nxg4 25. f3 Nf6 26. e5 Nd5 27. e4 Nb6 28. Nd6 Qxe5 29. f4 Qh5 30. Qc5 Qg4 31. f5 Rh6 32. Rd3 Be8 33. Qe5 Nd7 34. Qc3 Nf6 35. Rg3 Qh4 36. Rh3 Qg5 37. Rxh6 Qxh6 38. e5 Ng4 39. Qg3 Qe3+ 40. Qxe3 Nxe3 41. Rc1 Nxg2 42. Kxg2 Bd7 43. Kg3 a5 1/2-1/2